| 000 | 00526nam a22001817a 4500 | ||
|---|---|---|---|
| 003 | LK-CoDNM | ||
| 005 | 20241014141108.0 | ||
| 008 | 241014b |||||||| |||| 00| 0 eng d | ||
| 040 |
_aLK-CoDNM _dLK-CoDNM _eLK-CoDNM |
||
| 041 | _asin | ||
| 080 |
_aප්ර.ග _b23 |
||
| 245 |
_aගුරුවරයා III _b1 වන කාණ්ඩය 1941 ජුනි 15 _c1 කලාපය |
||
| 300 | _a22 cm | ||
| 650 | _aගුරුවරයා III | ||
| 650 | _a1919 | ||
| 650 | _aප්ර.ග 23 | ||
| 942 | _cBK | ||
| 999 |
_c219304 _d219304 |
||